00551 2200217 4500001002100000005001700021008004100038020001800079035002400097040001200121082001100133090002000144100002300164245004000187250001200227260003100239300001800270650001800288850001200306990001500318YOGYA-0209000005185420090227032833.0 ind  a979-413-216-0 0010-020900000051854 aYOPDYOG a808.02 aT 808.02bCip T aCIPTA, Loka Caraka aTeknik mengarangcLoka Caraka Cipta aCet. 19 aYogyakartabKanisiusc1971 a64 hlmc21 cm aKepengarangan aYOPDYOG a03P0003540